[Event "SRB-chT2 South"]
[Site "Nis"]
[Date "2013.10.20"]
[Round "6.6"]
[White "Jovanovic, Dragan N"]
[Black "Petkovic, Dragoslav"]
[Result "0-1"]
[WhiteElo "1934"]
[BlackElo "2183"]
[PlyCount "58"]
[EventDate "2013.10.17"]
[EventType "team-swiss"]
[EventRounds "8"]
[EventCountry "SRB"]
[SourceTitle "EXT 2015"]
[Source "ChessBase"]
[SourceDate "2014.11.20"]
[SourceVersion "1"]
[SourceVersionDate "2014.11.20"]
[SourceQuality "1"]

1. e4 d6 2. d4 Nf6 3. Nc3 c6 4. f4 Qa5 5. Bd2 e5 6. dxe5 dxe5 7. fxe5 Qxe5 8. Nf3 Qh5 9. Qe2 Nbd7 10. 0-0-0 Ne5 11. Bf4 Nxf3 12. gxf3 Qa5 13. Bd2 Be6 14. Kb1 0-0-0 15. Nd5 Qa4 16. b3 Qa3 17. Bc1 Qa5 18. Nxf6 Rxd1 19. Qxd1 gxf6 20. Qd4 Be7 21. Bc4 Rd8 22. Bxe6+ fxe6 23. Qc4 Qe5 24. Bb2 Qd6 25. f4 Qd1+ 26. Rxd1 Rxd1+ 27. Bc1 Ba3 28. Qxe6+ Kc7 29. Qe7+ Bxe7 0-1

[Event "SRB-chT2 East"]
[Site "Serbia"]
[Date "2010.09.12"]
[Round "1"]
[White "Petkovic, Dragoslav"]
[Black "Manic, Jovica"]
[Result "1/2-1/2"]
[WhiteElo "2195"]
[BlackElo "2244"]
[PlyCount "65"]
[EventDate "2010.09.11"]
[EventType "team"]
[EventRounds "11"]
[EventCountry "SRB"]
[SourceTitle "EXT 2012"]
[Source "ChessBase"]
[SourceDate "2011.11.24"]
[SourceVersion "1"]
[SourceVersionDate "2011.11.24"]
[SourceQuality "1"]

1. e4 g6 2. d4 c6 3. Nf3 d5 4. e5 Bg4 5. h3 Bxf3 6. Qxf3 Qb6 7. c3 e6 8. Bd3 Nd7 9. 0-0 h5 10. b3 Ne7 11. Ba3 c5 12. dxc5 Nxc5 13. Bc2 Nc6 14. Re1 Nd7 15. Bc1 Bg7 16. Bf4 Ndxe5 17. Qg3 h4 18. Qh2 Rh5 19. a4 d4 20. Na3 Rd8 21. cxd4 Qxd4 22. Nb5 Qc5 23. Rac1 Qe7 24. Nxa7 Nd4 25. Bxe5 Nxc2 26. Bd6 Qxd6 27. Qxd6 Rxd6 28. Rxc2 Rd7 29. Kf1 Rhd5 30. Rc8+ Ke7 31. Rc4 Bd4 32. Nb5 Bf6 33. Na7 1/2-1/2

[Event "Serbia-ch"]
[Site "Leskovac"]
[Date "2002.02.22"]
[Round "8"]
[White "Brenjo, Slavisa"]
[Black "Petkovic, Dragoslav"]
[Result "1-0"]
[WhiteElo "2462"]
[BlackElo "2305"]
[PlyCount "89"]
[EventDate "2002.02.15"]
[EventType "swiss"]
[EventRounds "9"]
[EventCountry "YUG"]
[SourceTitle "CBM 086 Extra"]
[Source "ChessBase"]
[SourceDate "2002.03.14"]
[SourceVersion "1"]
[SourceVersionDate "2002.03.14"]
[SourceQuality "1"]

1. e4 d6 2. d4 Nf6 3. Nc3 e5 4. Nf3 Qe7 5. dxe5 dxe5 6. Bc4 h6 7. 0-0 c6 8. a4 Bg4 9. h3 Bh5 10. Qd3 g5 11. b3 Qc7 12. Ne2 Nbd7 13. Ng3 Bg6 14. Bb2 Nh5 15. Nxh5 Bxh5 16. Rad1 f6 17. Rd2 Bb4 18. c3 Be7 19. b4 Nf8 20. Qe3 Bf7 21. Bxf7+ Kxf7 22. Rfd1 Qc8 23. Nh2 Qe6 24. Nf1 Ng6 25. Ng3 Nh4 26. b5 Rhd8 27. Rxd8 Bxd8 28. Ba3 Bb6 29. Bc5 cxb5 30. axb5 Rc8 31. Bxb6 axb6 32. Rd5 Rc7 33. Qd2 Ke7 34. Nf1 Rd7 35. c4 f5 36. Qc3 Rxd5 37. cxd5 Qd6 38. g3 Ng6 39. Ne3 Qc5 40. Nxf5+ Kd7 41. Qf3 Qxb5 42. Nxh6 Ne7 43. Nf7 Qb2 44. Qg4+ Ke8 45. Nd6+ 1-0

[Event "Serbia-ch"]
[Site "Leskovac"]
[Date "2002.02.18"]
[Round "4"]
[White "Dimitrijevic, Aleksandra"]
[Black "Petkovic, Dragoslav"]
[Result "1-0"]
[WhiteElo "2227"]
[BlackElo "2305"]
[PlyCount "47"]
[EventDate "2002.02.15"]
[EventType "swiss"]
[EventRounds "9"]
[EventCountry "YUG"]
[SourceTitle "CBM 086 Extra"]
[Source "ChessBase"]
[SourceDate "2002.03.14"]
[SourceVersion "1"]
[SourceVersionDate "2002.03.14"]
[SourceQuality "1"]

1. e4 d6 2. d4 Nf6 3. Nc3 c6 4. f4 Qa5 5. Bd3 e5 6. Nf3 Bg4 7. Be3 exd4 8. Bxd4 Qb4 9. Be2 Nxe4 10. 0-0 d5 11. a3 Qd6 12. Ng5 Bf5 13. Ncxe4 dxe4 14. Bc4 Bg6 15. f5 Bh5 16. Nxe4 Bxd1 17. Nxd6+ Bxd6 18. Re1+ Kf8 19. Raxd1 b5 20. Bf2 Be7 21. Rd8+ Bxd8 22. Bc5+ Be7 23. Rxe7 bxc4 24. Re6+ 1-0